| 000 | 01150nam a2200229 a 4500 | ||
|---|---|---|---|
| 001 | 000028586 | ||
| 005 | 20200930055026.0 | ||
| 008 | 110411s1945 dr r 000 | spa d | ||
| 040 |
_aDO-SdBNP _bspa _cBNPHU |
||
| 082 |
_a378.7293 _bS161d |
||
| 100 | 1 |
_aSalazar, Joaquín E. _955538 |
|
| 245 | 1 | 0 |
_aDominicanismo y educación : _bdiscurso de orden pronunciado en el acto académico celebrado con motivo de la investidura de graduandos y el 406 aniversario de la erección de la Universidad de Santo Domingo, el día 28 de octubre de 1944 / _cJoaquín E. Salazar. |
| 260 |
_aCiudad Trujillo, República Dominicana : _bMontalvo, _c1945. |
||
| 300 |
_a20 p. ; _c23 cm. |
||
| 490 | 1 |
_aUniversidad de Santo Domingo _v32 |
|
| 490 | 1 | _aEdiciones del Centenario de la República | |
| 590 | _aInventariado, 2018/VM | ||
| 610 | 1 | 4 |
_aUNIVERSIDAD AUTÓNOMA DE SANTO DOMINGO _xHISTORIA _vENSAYOS, CONFERENCIAS, ETC. _955539 |
| 650 | 4 |
_aUniversidades _zRepública Dominicana _vENSAYOS, CONFERENCIAS, ETC. _936567 |
|
| 830 | 0 |
_aUniversidad Autonóma de Santo Domingo _v32 _pEdiciones del Centenario de la República _955540 |
|
| 910 | _aValidado. Control de calidad MFF | ||
| 999 |
_c28078 _d28078 |
||